|
|
|
|
| LEADER |
00000nab a2200000 a 4500 |
| 001 |
vtls000520530 |
| 003 |
SK-MaSNL |
| 005 |
20260304212815.0 |
| 008 |
250425c1994 xo 0 slo |
| 015 |
|
|
|a SNBRB19rr/mm-uuuuu
|
| 035 |
|
|
|a CL0520668
|
| 035 |
|
|
|a urn:nbn:sk:snk-abalr6
|
| 035 |
|
|
|a (urnnbn)urn:nbn:sk:snk:ar-a0a1bt
|
| 035 |
|
|
|a (uuid)4f97c0d3-b047-4064-bdd1-2a9afabed68c
|
| 040 |
|
|
|a SNKBUCL
|b slo
|c SNKBUCL
|e AACR2
|
| 041 |
0 |
|
|a cze
|
| 044 |
|
|
|a xo
|c SK
|
| 080 |
|
|
|a 616.155.194:615.273:616.61-008.64-073.27
|2 1981
|
| 080 |
|
|
|a 615.273
|2 1981
|
| 080 |
|
|
|a 616.61-008.64-073.27
|2 1981
|
| 245 |
0 |
0 |
|a Účasť nedostatku železa na rozvoji chudokrevnosti u nemocných v pravidelném dialyzačním léčení
|c Josef Zadražil ... [et al.]
|
| 300 |
|
|
|b Grafy 3, tab. 1, res. angl., češ., lit. 27 zázn. v angl., češ., slov.
|
| 650 |
0 |
7 |
|a anémia
|2 snkbucl
|9 16064
|
| 650 |
0 |
7 |
|a železo
|2 snkbucl
|9 16740
|
| 650 |
0 |
7 |
|a hemodialýza
|2 snkbucl
|9 2478
|
| 655 |
|
7 |
|a články z novín a časopisov
|2 snkbucl
|9 267496
|
| 700 |
1 |
|
|a Zadražil, Josef,
|d 1954-
|4 aut
|9 161303
|
| 700 |
1 |
|
|a Bachleda, P.
|4 aut
|9 839818
|
| 700 |
1 |
|
|a Novotný, D.
|4 aut
|9 1134589
|
| 700 |
1 |
|
|a Papajík, Tomáš
|4 aut
|9 12880
|
| 700 |
1 |
|
|a Budíková, M.,
|c lekárka
|4 aut
|9 991122
|
| 700 |
1 |
|
|a Ščudla, Vlastimil
|4 aut
|9 447261
|
| 773 |
0 |
|
|t Vnitřní lékařství
|g Roč. 40, č. 6 (1994), s. 362-366
|x 0042-773X
|
| 850 |
|
|
|a Slovenská národná knižnica
|
| 852 |
|
|
|a Slovenská národná knižnica
|
| 954 |
|
|
|a odborná, vedecká literatúra cudzojazyčná (svetová)
|2 lita
|
| 958 |
|
|
|a article14
|
| 958 |
|
|
|a RK
|
| 958 |
|
|
|a MI
|
| 958 |
|
|
|a NB
|
| 958 |
|
|
|a OND
|
| 958 |
|
|
|a EUIPO
|
| 992 |
|
|
|a RBX
|
| 999 |
|
|
|c 3133085
|d 3135015
|